00409nam a2200157Ia 450000500170000000800410001702000150005808200150007310000160008824500490010425000090015326000530016230000130021565000100022865000130023820240528020324.0240331s9999 xx 000 0 und d a8170363748 bKALa331.4 aKalpagam, U 0aLabour and gender :bsurvival in urban India a1 st aNew DelhibSage Publications India Pvt Ltdc1994 a309 p ., aWomen aEconomic